Central Library OPAC University of Rajshahi

The law of specific relief : (Record no. 7492)

MARC details
000 -LEADER
fixed length control field 01301cam a2200325 4500
001 - CONTROL NUMBER
control field 7492
003 - CONTROL NUMBER IDENTIFIER
rucl marc code BD-RjUL
005 - DATE AND TIME OF LATEST TRANSACTION
control field 20211208234425.0
008 - FIXED-LENGTH DATA ELEMENTS--GENERAL INFORMATION
fixed length control field 140115s1971 ii 001 0 eng
035 ## - SYSTEM CONTROL NUMBER
System control number (BD-RjUL)7536
040 ## - CATALOGING SOURCE
Original cataloging agency DLC
Transcribing agency DLC
Modifying agency DLC
-- BD-RjUL
Language of cataloging eng
041 ## - LANGUAGE CODE
Language code of text/sound track or separate title eng
082 00 - DEWEY DECIMAL CLASSIFICATION NUMBER
Classification number 347.54077
Edition number 19
Author mark and year BAL 1971
100 1# - MAIN ENTRY--PERSONAL NAME
Personal name Banerjee, S. C.
Fuller form of name ( Satish Chandra),
Dates associated with a name 1871-1915.
9 (RLIN) 23390
245 14 - TITLE STATEMENT
Title The law of specific relief :
Remainder of title Being an exhaustive commentary on the Specific relief act, 1963, incorporating appropriately the matter of Tagore law lectures /
Statement of responsibility, etc. by S. C. Banerjee. With a foreword by Sir Asutosh Mookerjee.
250 ## - EDITION STATEMENT
Edition statement 5th ed. rev.
260 ## - PUBLICATION, DISTRIBUTION, ETC. (IMPRINT)
Place of publication, distribution, etc. Allahabad :
Name of publisher, distributor, etc. Law Book Co.,
Date of publication, distribution, etc. 1971.
300 ## - PHYSICAL DESCRIPTION
Pagination lvi, 901 p. ;
Size 25 cm.
350 ## - PRICE (NR) (BK AM CF MU VM SE) [OBSOLETE]
Price Rs45.00
500 ## - GENERAL NOTE
General note Running title: Specific relief act, 1963.
General note First published in 1909, with title: The law of specific relief in British India.
General note Fourth ed., 1969, has title: Dr. S. C. Banerji's The law of specific relief.
650 #0 - SUBJECT ADDED ENTRY--TOPICAL TERM
Topical term or geographic name as entry element Equitable remedies
Geographic subdivision India.
9 (RLIN) 14445
700 2# - ADDED ENTRY--PERSONAL NAME
Personal name Kameswara Rao, Challa,
Dates associated with a name 1884-
710 12 - ADDED ENTRY--CORPORATE NAME
Corporate name or jurisdiction name as entry element India.
Title of a work Specific Relief Act, 1963.
Date of a work 1971.
9 (RLIN) 23392
942 ## - ADDED ENTRY ELEMENTS (KOHA)
Source of classification or shelving scheme Dewey Decimal Classification
Koha item type Books
Holdings
Lost status Source of classification or shelving scheme Damaged status Not for loan Permanent Location Current Location Shelving location Date acquired Source of acquisition Cost, normal purchase price Total Checkouts Full call number Date last seen Copy number Koha item type
  Dewey Decimal Classification     Central Library, University of Rajshahi Central Library, University of Rajshahi   25/08/1973 WARSI BK 60.00   347.54077 BAL 1971 15/01/2014 C-2 Books